| Registos Bibliográficos associados ao registo de autoridade |
|
Etiqueta de registo: 01084ckm 2200289 450 001 198211 003 http://id.bnportugal.gov.pt/bib/catbnp/198211 005 20011025182400.0 095 ## $aPTBN00205759 100 ## $a19891205d1989 am y0pory0103 ba 101 0# $apor 102 ## $aPT 200 1# $aFestival da Primavera$bVisual gráfico]$eII Encontro do Teatro Amador do Minho$fAss. Reg. Teatro Amador do Minho$gdesign Bento Costa 210 #9 $a[S.l.]$cA.R.T.A.M.,$d1989$eBraga :$gLito. Minho) 215 ## $a1 cartaz$ccolor.$d70x49 cm 317 ## $aColeção Madeira Luís $5PTNB: CT. 18569 A. 330 ## $aComposição geometrizante 675 ## $a792(084.5)$vBN$zpor$3292991 675 ## $a061.3(469.11)"1989"(084.5)$vBN$zpor$3396205 675 ## $a766(=1:469)"198"(084.5)$vBN$zpor$31302430 702 #1 $aCosta,$bBento$4410$364375 710 12 $aEncontro de Teatro Amador do Minho,$d2,$eBraga, etc.,$f1989$358347 712 02 $aAssociação Regional do Teatro Amador do Minho$4557$357659 801 #0 $aPT$bBN$gRPC 856 40 $uhttps://purl.pt/15564 856 41 $uhttps://purl.pt/15564/service/media/cover/low 958 ## $aBND$bInterno$cDigitalizado 966 ## $lBN$mICONOG$sCT. 5644 A.$x1 966 ## $lBN$mICONOG$sCT. 18569 A.$x3
Etiqueta de registo: 00000nkm 2200025 450 001 2282488 003 http://id.bnportugal.gov.pt/bib/catbnp/2282488 100 ## $a20260321f1990 m y0pory01030103ba 101 0# $apor 102 ## $aPT 200 1# $aAmor de Perdição, Camilo Castelo Branco «(»na versão de Romeu Correia«)», Auditório
da Escola Calouste Gulbenkian (Braga), ante-estreia 1 de junho, estreia 2 de junho$bVisual gráfico]$fGrupo de Teatro A2 de Braga, Os Pantomineiros de Palmeira$gdesign Bento Costa 210 #9 $aBraga$cGrupo de Teatro A2 de Braga,$d[1990?]$ePrado :$gTipoprado - Artes Gráficas, L.da) 215 ## $a1 cartaz$ccolor.$d62x43,5 cm 306 ## $aDatação atribuída em conformidade com o evento anunciado 317 ## $aColeção Madeira Luís 702 #1 $aCosta,$bBento$364375 710 01 $aGrupo de Teatro A2 de Braga$31992929 711 01 $a«Os» Pantomineiros de Palmeira$31992930 801 #0 $aPT$bBN$gRPC 966 ## $lBN$mICONOG$sCT. 25572 A.$x3 971 ## $cCaticonografia7$d20260321 995 ## $aPRR2026
|
|
|